000 00693nam a2200193Ia 4500
003 GCL
008 140319s9999 xx 000 0 ara d
040 _aGCL /
_cGCL
082 0 4 _a810.8
_bا م
100 1 _aالن ، روجر
245 1 0 _aمحمد ابراهيم المويلحى - المؤلفات الكاملة /
_cالن ، روجر
260 _aالقاهرة :
_bالمجلس الاعلى للثقافة ،
_c2002
300 _a2 مج ؛
_c24 سم
650 0 4 _aالمجتمع المصرى
650 0 4 _aالادب العربى - مجموعات
650 0 4 _aالمقالات العربية - مصر
650 0 4 _aالحياة الاجتماعية - مصر
942 _2ddc
_cBK
999 _c33695
_d33695